[Event "88th GER-ch Men 2017"]
[Site "Apolda"]
[Date "2017.06.30"]
[Round "8"]
[White "Svane, Rasmus"]
[Black "Bischoff, Klaus"]
[Result "1/2-1/2"]
[WhiteElo "2577"]
[BlackElo "2504"]
[Annotator "TA"]
[PlyCount "93"]
[EventDate "2017.??.??"]
[EventType "swiss"]
[EventCountry "GER"]
[SourceTitle "playchess.com"]
[Source "ChessBase"]
[SourceQuality "1"]

{[%evp 9,93,10,23,16,14,2,24,0,13,18,29,28,22,-26,0,8,9,-18,1,0,4,0,17,6,4,0,0,0,0,0,0,-19,-19,-15,-10,-31,-32,-33,-15,-14,-7,-16,0,-22,0,-8,0,0,0,0,0,0,0,0,9,12,6,12,12,0,0,0,0,-9,0,0,0,0,0,0,0,0,0,0,0,0,0,0,0,0,0,0,0,0,0,0]} 1. d4 Nf6 2. c4 e6 3. g3 Bb4+ 4. Nd2 O-O 5. Bg2 Re8 (5... d5 6. Ngf3 b6 7. cxd5 exd5 8. O-O Bb7 9. Ne5 Re8 10. Ndf3 h6 11. Bf4 Bf8 12. Rc1 c5 13. Qa4 Na6 14. Rfd1 Qc8 15. dxc5 bxc5 16. h4 Qe6 17. b3 Qb6 {0-1 (85) Bindrich,F (2594)-Bruzon Batista,L (2659) Berlin 2015}) 6. a3 {E00: Catalan Bogo-Indian (3 g3 Bb4+)} Bf8 7. e4 {[#] Threatens to win with e5.} d6 $146 ({Predecessor:} 7... d5 8. e5 Nfd7 9. cxd5 exd5 10. Ne2 c5 11. f4 Nc6 12. O-O Nb6 13. Nf3 Bf5 14. Kh1 cxd4 {½-½ (14) Tjiam,D (2386)-Saiboulatov,D (2371) Belgium 2015}) 8. b3 {White has an edge.} e5 9. d5 Nbd7 10. Ne2 c6 11. b4 cxd5 12. cxd5 a5 13. Bb2 Nb6 14. bxa5 Rxa5 15. Bc3 Ra8 16. Bb4 Na4 17. Nc3 Nxc3 18. Bxc3 Nd7 19. O-O Nc5 20. Qb1 Bd7 21. Rc1 g6 22. Nb3 b6 23. Nd2 Qc7 24. Bb4 {The position is equal.} Rec8 25. Ra2 Qd8 26. Bf1 (26. Bxc5 $5 bxc5 27. Nc4 $15) 26... Bh6 27. Re1 Ba4 28. Rb2 Na6 29. Bxa6 Rxa6 30. Qd3 Ra7 {[%cal Ba6a7,Ba7c7,Bc7c4][%mdl 32]} 31. Nb1 {[%cal Bd2b1,Bb1c3,Bc3b5,Bb5a7][%mdl 32]} Rac7 (31... Bc1 $5 {[%cal Rc1b2]} 32. Ra2 Rac7 $15) 32. Nc3 Be8 33. Nb5 Rc4 34. Na7 Rd4 35. Qa6 $1 Rcc4 36. Qb7 Rxe4 37. Rxe4 Rxe4 38. Rc2 Qd7 39. Qb8 {[#] Rc8 is the strong threat.} (39. Qc8 $5 {[%cal Rc2c7]} Bf8 40. Rc7 $11) 39... Rxb4 $1 {[%mdl 512]} 40. axb4 Qa4 41. Rc8 Qd1+ 42. Kg2 Qxd5+ 43. f3 Qd2+ ({Not} 43... Qa2+ $2 44. Kh3 $18) 44. Kh3 Bf8 {Hoping for ...Bd7+.} 45. Rxe8 Qh6+ 46. Kg2 Qd2+ 47. Kh3 {Precision: White = 53%, Black = 55%.} (47. Kf1 $5 {[%cal Re8f8]} Qd1+ 48. Kg2 Qd2+ 49. Kh1 Qd1+ 50. Kg2 Qd2+ $11) 1/2-1/2

[Event "88th GER-ch Men 2017"]
[Site "Apolda"]
[Date "2017.06.30"]
[Round "8"]
[White "Donchenko, Alexander"]
[Black "Meier, Georg"]
[Result "1/2-1/2"]
[WhiteElo "2573"]
[BlackElo "2636"]
[Annotator "TA"]
[PlyCount "80"]
[EventDate "2017.??.??"]
[EventType "swiss"]
[EventCountry "GER"]
[SourceTitle "playchess.com"]
[Source "ChessBase"]
[SourceQuality "1"]

{[%evp 10,80,2,-3,14,0,12,0,36,26,40,10,27,29,16,31,30,29,23,7,8,7,35,35,29,29,32,35,35,45,34,31,46,35,68,23,16,17,38,10,7,10,18,0,57,-14,62,38,23,95,56,56,71,73,72,80,84,10,10,10,10,0,0,0,8,0,0,0,10,0,0,0,0]} 1. d4 Nf6 2. c4 e6 3. g3 Bb4+ 4. Nd2 c5 5. dxc5 Bxc5 6. Bg2 Qc7 {E00: Catalan Bogo-Indian (3 g3 Bb4+)} (6... Nc6 7. Ngf3 e5 8. O-O O-O 9. Ng5 d6 10. Nde4 Nxe4 11. Nxe4 Be6 12. b3 a5 13. Bb2 Bd4 14. Bxd4 exd4 {1-0 (55) Nisipeanu,L (2687)-Repka,C (2473) Austria 2017}) 7. Nh3 h6 $146 ({Predecessor:} 7... O-O 8. O-O Be7 9. Nf4 d6 10. b3 Bd7 11. Bb2 Nc6 12. e4 {1-0 (12) Epishin,V (2575)-Pogorelov,R (2408) Navalmoral 2012}) 8. Nf4 Nc6 9. O-O b6 10. a3 Bb7 11. b4 Be7 12. Bb2 d6 {[%cal Bd7d6,Bd6e5][%mdl 32]} 13. Rc1 Ne5 14. Bxe5 dxe5 15. Qa4+ Nd7 (15... Kf8 $5 {[%cal Re5f4]} 16. Bxb7 Qxb7 $11) 16. Nd5 exd5 17. cxd5 Qb8 {[#] And now ...a6 would win.} 18. Bh3 O-O $1 {aiming for ...Nf6.} 19. Bxd7 Bxd5 20. Bc6 Bxc6 21. Rxc6 a6 22. Rfc1 b5 $1 {[%cal Rb5a4]} 23. Qb3 a5 24. Ne4 axb4 25. axb4 Qb7 26. Qf3 Ra7 ({Black should try} 26... Ra1 $1 $11) 27. Qf5 (27. Nc5 $14 Qa8 28. Kg2) 27... f6 (27... Ra1 $11) 28. Qe6+ Kh8 29. Nc5 Bxc5 30. R1xc5 Qd7 31. Qxd7 Rxd7 32. Rxb5 $16 {[%mdl 4096] Endgame KRR-KRR} Ra8 33. Rbc5 (33. Rc2 $16) 33... Ra4 $1 $11 {The position is equal.} 34. b5 {With the idea Rc7.} Rb4 $1 35. b6 Rb7 36. h4 R4xb6 37. Rxb6 Rxb6 38. Kg2 Rb4 39. Ra5 Kh7 40. Kf3 h5 {Precision: White = 49%, Black = 60%.} 1/2-1/2

[Event "88th GER-ch Men 2017"]
[Site "Apolda"]
[Date "2017.06.30"]
[Round "8"]
[White "Kollars, Dmitrij"]
[Black "Miller, Eduard"]
[Result "*"]
[WhiteElo "2511"]
[BlackElo "2319"]
[Annotator "TA RC"]
[PlyCount "73"]
[EventDate "2017.??.??"]
[EventType "swiss"]
[EventCountry "GER"]
[SourceTitle "playchess.com"]
[Source "ChessBase"]
[SourceQuality "1"]

{[%evp 18,73,36,13,23,10,18,0,0,0,21,0,0,-39,-36,-29,-25,-50,34,56,126,133,122,90,87,97,211,211,212,208,223,219,270,270,265,262,287,295,287,282,263,267,276,281,294,302,273,252,437,437,433,433,639,635,656,638,600,546]} 1. e4 e5 2. Nf3 Nc6 3. Bb5 a6 4. Ba4 d6 5. O-O Nge7 6. c3 Bd7 7. d4 Ng6 8. Be3 Be7 9. Nbd2 O-O 10. Re1 {LiveBook: 16 Games} exd4 {C75: Ruy Lopez: Deferred Steinitz: 5 c3 Bd7 6 d4 without ...g6} (10... Kh8 11. Bc2 Bf6 12. Rc1 Qe7 13. h3 Rae8 14. a3 a5 15. d5 Nd8 16. b4 axb4 17. cxb4 c6 18. dxc6 bxc6 {1-0 (36) Hansen,E (2616)-Vavulin,M (2604) Jurmala 2017}) 11. cxd4 Nb4 $146 ({Predecessor:} 11... d5 12. exd5 Nb4 13. Bb3 a5 14. a3 Nd3 15. Rf1 a4 16. Ba2 Bb5 17. Qc2 Ndf4 18. Bxf4 Bxf1 19. Bxc7 Bd3 {½-½ (19) Manik,M (2370)-Czebe,A (2476) Slovakia 2012}) 12. Nf1 d5 {The position is equal.} 13. e5 Nd3 14. Re2 {[#] aiming for Bxd7.} Ndf4 15. Rd2 Nxg2 16. Kxg2 {And now Bxd7 would win.} Bg4 $1 {White must now prevent ...Nh4+.} 17. Qc1 Qc8 (17... f6 $15) 18. Ng1 $14 Nh4+ (18... f6 $1 $14) 19. Kh1 $16 Bb4 20. f4 Bxd2 21. Qxd2 Bh3 (21... f6 $16 {might work better.}) 22. Nxh3 $18 Qxh3 23. Qf2 Nf5 24. Ng3 Nxg3+ 25. Qxg3 Qxg3 26. hxg3 c6 27. f5 a5 28. Kg2 Ra6 29. Rd1 Rb6 30. Rd2 Rb4 31. Bd1 Rc4 32. Rd3 f6 $2 {[#]} (32... Rb4 33. b3 Rb6) 33. e6 {White is clearly winning.} g6 34. Bd2 c5 (34... Kg7 $142 35. Bb3 (35. Bxa5 Ra8 $18) 35... gxf5 36. Bxc4 (36. Bxa5 Rc1 $18) 36... dxc4) 35. Bb3 Rxd4 36. Rxd4 cxd4 37. Ba4 {Precision: White = 74%, Black = 38%.} *

[Event "88th GER-ch Men 2017"]
[Site "Apolda"]
[Date "2017.06.30"]
[Round "8"]
[White "Tischbierek, Raj"]
[Black "Kersten, Uwe"]
[Result "1/2-1/2"]
[WhiteElo "2450"]
[BlackElo "2257"]
[Annotator "TA"]
[PlyCount "98"]
[EventDate "2017.??.??"]
[EventType "swiss"]
[EventCountry "GER"]
[SourceTitle "playchess.com"]
[Source "ChessBase"]
[SourceQuality "1"]

{[%evp 15,98,17,23,-63,-67,-72,-35,-41,44,-64,-66,-62,28,24,29,31,31,29,79,20,24,23,13,10,10,8,78,38,96,91,95,68,70,70,91,59,48,0,0,0,0,0,0,0,0,0,49,53,60,54,64,63,102,101,95,104,110,113,104,102,105,0,0,0,0,0,0,0,0,0,0,0,0,0,0,0,0,0,0,0,0,0,0,0,0]} 1. e4 e5 2. Nf3 Nc6 3. Bb5 a6 4. Ba4 Nf6 5. O-O Nxe4 6. d4 exd4 7. Re1 {C80: Open Ruy Lopez: Sidelines and 9 Nbd2} d5 8. Nxd4 Bd6 $1 {LiveBook: 64 Games} 9. g3 (9. Nxc6 $11 Bxh2+ 10. Kh1) (9. Nxc6 Bxh2+ 10. Kh1 Qh4 11. Rxe4+ dxe4 12. Qd8+ Qxd8 13. Nxd8+ Kxd8 14. Kxh2 Be6 15. Be3 f5 16. Nc3 Ke7 17. Bb3 Kf7 18. g4 {½-½ (31) Efimenko,Z (2689)-Drenchev,P (2496) Golden Sands 2012}) 9... O-O $15 10. Nxc6 bxc6 (10... Qf6 $5 {[%cal Rf6f2]} 11. Qd4 bxc6 12. Qxf6 Nxf6 $15) 11. Bxc6 Nxf2 (11... Bc5 $15 12. Bxa8 Qf6) 12. Qxd5 (12. Kxf2 $14 Qf6+ 13. Kg2 Bxg3 14. hxg3 Qxc6 15. Nd2) 12... Be6 $146 ({Predecessor:} 12... Nh3+ 13. Kg2 Rb8 14. Nc3 h6 {1-0 (38) Bretsnajdr,V (2310)-Pribyl,J (2035) Czechia 2007}) 13. Qd4 Nh3+ (13... Ng4 $1 $15 14. Kg2 (14. Rxe6 $2 Bc5 $19) 14... Qc8) 14. Kg2 $1 $11 Bd7 15. Bxd7 Qxd7 16. Nc3 ({Wrong is} 16. Qh4 $2 Rae8 $19) 16... h6 {[#]} 17. Ne4 ({Of course not} 17. Qh4 $6 Rae8 $11) (17. Nd5 $1 $16 c5 18. Qd3) 17... Ng5 18. Bxg5 hxg5 19. Nxg5 Qf5 20. Ne4 Rae8 (20... Be5 $11 {remains equal.} 21. Qc5 Rab8) 21. Re2 Re5 (21... Qb5 $14 22. c4 Qb7) 22. Rae1 $16 Rfe8 23. Qd3 Bb4 24. c3 $1 {[%cal Rc3b4]} Bf8 25. a3 Qe6 {[#] Threatens to win with ...f5.} 26. c4 Qc6 {White must now prevent ...f5.} 27. Kf1 Rf5+ 28. Kg1 {And now Nf6+! would win.} Bc5+ $1 29. Kg2 Rfe5 30. g4 f5 31. gxf5 Rxf5 32. b4 $1 $36 {[%cal Rb4c5][%mdl 2048] White has good play.} Bf8 33. Kg1 Rfe5 34. Ng3 Rxe2 35. Rxe2 Rxe2 36. Nxe2 a5 37. c5 Qe6 38. Nc3 ({White should play} 38. Kf2 $16) 38... axb4 $11 {The position is equal.} 39. axb4 Qg4+ 40. Kf1 {Hoping for Qd5+.} Qf4+ 41. Kg2 Qg4+ 42. Kh1 {Strongly threatening Qd5+.} Qxb4 43. Qd5+ Kh8 44. Ne4 Qe1+ 45. Kg2 Qe2+ 46. Kg3 Be7 47. h3 Qe1+ 48. Kg2 {aiming for Qh5+.} Qe2+ 49. Kg3 Qe1+ {Precision: White = 57%, Black = 60%.} 1/2-1/2

[Event "88th GER-ch Men 2017"]
[Site "Apolda"]
[Date "2017.06.30"]
[Round "8"]
[White "Jugelt, Tobias"]
[Black "Huschenbeth, Niclas"]
[Result "1/2-1/2"]
[WhiteElo "2431"]
[BlackElo "2586"]
[Annotator "TA"]
[PlyCount "106"]
[EventDate "2017.??.??"]
[EventType "swiss"]
[EventCountry "GER"]
[SourceTitle "playchess.com"]
[Source "ChessBase"]
[SourceQuality "1"]

{[%evp 17,106,-14,-15,-27,-20,-26,-22,-25,-29,-66,-52,-57,-27,-27,-27,-20,-18,-38,-45,-48,-55,-45,4,11,31,14,11,0,0,0,0,0,0,0,0,0,0,0,75,80,59,66,69,71,75,66,157,135,157,84,89,109,143,139,192,192,182,186,139,159,154,122,213,216,200,0,0,0,0,0,0,0,0,0,0,0,0,0,0,0,0,0,0,0,0,0,0,0,0,0,0]} 1. d4 d5 2. Nf3 Nf6 3. e3 c5 4. b3 cxd4 5. exd4 Nc6 6. a3 {D04: Colle System} Bg4 7. Be2 e6 8. Bb2 Be7 9. O-O O-O {LiveBook: 3 Games} 10. Ne5 $146 ({Predecessor:} 10. Nbd2 Ne4 11. Nxe4 dxe4 12. Ne5 Bf5 13. Nxc6 bxc6 {0-1 (55) Mikhalchenko,P (2324)-Iskusnyh,S (2499) Kemerovo 2008}) 10... Nxe5 (10... Bxe2 {with more complications.} 11. Qxe2 Qb6 12. Nf3 Ne4 13. Nbd2 Nd6) 11. dxe5 Bxe2 12. Qxe2 Ne4 13. b4 a5 14. c3 Qb6 15. Kh1 $1 {Black should prevent f3.} f6 16. f3 Ng5 17. Nd2 fxe5 18. Qxe5 Bf6 (18... axb4 {looks sharper.} 19. axb4 Bf6 20. Qe2 Nf7 21. Rfe1 Qc6) 19. Qe2 a4 20. Rab1 Rac8 21. c4 Bxb2 22. Rxb2 (22. c5 $5 {[%cal Rc5b6]} Qc7 23. Rxb2 $11) 22... Qd4 23. Rc2 e5 24. Rd1 Qf4 25. Qd3 dxc4 26. Rxc4 Rcd8 27. Qe2 Rd4 (27... Qf5 $11) 28. Rxd4 $16 exd4 29. Qc4+ Kh8 30. Qd5 Nf7 31. Ne4 Rd8 ({Better is} 31... Ne5 $14) 32. Qxb7 d3 33. Qb6 (33. h3 $142) 33... h6 34. h3 Kg8 35. b5 {[%cal Bb4b5,Bb5b6,Bb6b7][%mdl 32]} Rc8 (35... Qe5 $16 {might work better.} 36. Qc5 Qb2) 36. Qd4 $18 Ne5 37. Qd5+ $1 (37. Qxa4 Nxf3 38. gxf3 Qxf3+ 39. Kg1 Kh8 $11) 37... Kh8 {[#]} 38. Nf2 $1 {Black must now prevent b6.} Rc1 39. b6 d2 {[#]} 40. b7 $1 {[%cal Rb7b8]} Nc6 41. Kg1 $2 (41. Qd3 $18) 41... Qe3 $11 {And now ...Rxd1+ would win.The position is equal.} 42. Kh2 $1 Qxf2 43. Qxd2 Qxd2 44. Rxd2 {[%mdl 4096] Endgame Threatens to win with Rd6. KRN-KR} Rb1 $1 {[%cal Rb1b7]} 45. Rd6 Rxb7 {Strongly threatening ...Rc7.} 46. Rxc6 {Ra6 is the strong threat. KR-KR} Rb3 47. Ra6 Rxa3 48. h4 h5 49. Ra5 g6 $1 50. Ra7 Kg8 51. Kg3 Ra2 52. Kh3 Ra3 53. Kg3 Ra2 {Precision: White = 79%, Black = 66%.} 1/2-1/2

[Event "88th GER-ch Men 2017"]
[Site "Apolda"]
[Date "2017.06.30"]
[Round "8"]
[White "Keymer, Vincent"]
[Black "Kalinitschew, Sergey"]
[Result "1-0"]
[WhiteElo "2411"]
[BlackElo "2423"]
[Annotator "TA"]
[PlyCount "75"]
[EventDate "2017.??.??"]
[EventType "swiss"]
[EventCountry "GER"]
[SourceTitle "playchess.com"]
[Source "ChessBase"]
[SourceQuality "1"]

{[%evp 14,75,-6,-105,36,32,58,50,63,57,73,66,62,67,82,75,80,60,79,89,104,110,96,89,134,136,143,154,142,127,130,86,96,71,66,70,80,66,114,108,137,138,233,127,120,104,109,103,134,120,114,97,361,367,417,203,449,458,416,168,439,440,604,616]} 1. d4 d6 2. c4 e5 3. Nc3 exd4 4. Qxd4 Nf6 5. g3 Nc6 6. Qd2 Be6 7. e4 Be7 {A21: English Opening: 1...e5 2 Nc3} (7... g6 8. b3 Bg7 9. Bb2 a5 10. Bg2 a4 11. Nge2 O-O 12. O-O a3 13. Bc1 Nh5 14. Qd1 f5 15. exf5 gxf5 16. Re1 Kh8 17. Be3 {1-0 (44) Melkumyan,H (2646)-Sanal,V (2465) Gjakova 2016}) 8. b3 {[#] LiveBook: 5 Games} (8. f3 $11 {remains equal.}) 8... a5 (8... Nxe4 $1 $17 {[%mdl 512]} 9. Nxe4 d5) 9. Bg2 $14 {[#]} a4 $1 {[%mdl 512] aiming for ...axb3.White is slightly better.} 10. Rb1 (10. bxa4 Bxc4) 10... axb3 11. axb3 Nd7 $146 ({Predecessor:} 11... O-O 12. Nge2 Nb4 13. O-O c6 14. Nf4 Bd7 15. Bb2 {½-½ (31) Florea,D (2305)-Kiefhaber,V (2267) Germany 2009}) 12. Nge2 O-O 13. O-O Bf6 14. Nd5 Bxd5 15. cxd5 Na7 $1 16. Qb4 Qb8 17. Rd1 Nc5 {[%cal Bd7c5,Bc5a6,Ba6c7,Bc7b5,Bb5a7,Ba7c8][%mdl 32]} 18. Be3 Na6 19. Qc4 c5 20. dxc6 $1 Nxc6 21. b4 Ne5 22. Qd5 Rd8 23. h3 Nc7 24. Qb3 Nb5 25. Bc1 Rc8 26. Rd5 Na7 27. b5 Rc5 (27... Re8 $16 {was worth a try.} 28. Be3 Nc8) 28. Be3 ({White should try} 28. Rxc5 $18 dxc5 29. f4) 28... Rxd5 $16 29. Qxd5 Nc8 30. Qb3 Nd7 31. Nf4 Nc5 32. Qc2 Bd8 $2 {[%mdl 8192] [#]} (32... Nb6 $16) 33. e5 $1 $18 dxe5 34. Qxc5 (34. Bxc5 $142 exf4 35. Qe4) 34... Bb6 $2 (34... Be7 {is a better defense.} 35. Qd5 exf4) 35. Qd5 exf4 36. Bxf4 (36. Qd7 $142 {[%cal Rd7e8]} g5 37. Bd4 (37. Qxb7 Qxb7 38. Bxb7 Ra7 $14) (37. Bd5 Qc7 $18) 37... Bxd4 38. Qd8+ Kg7 39. Qxg5+ Kh8 40. Qd8+ Kg7 41. Qxd4+ Kg6 42. g4) 36... Qa7 $2 (36... Ne7) 37. Qxb7 Bxf2+ 38. Kf1 {Precision: White = 55%, Black = 19%.} 1-0

[Event "88th GER-ch Men 2017"]
[Site "Apolda"]
[Date "2017.06.30"]
[Round "8"]
[White "Schmidt-Schaeffer, Sebastian"]
[Black "Buecker, Stefan"]
[Result "1-0"]
[WhiteElo "2380"]
[BlackElo "2291"]
[Annotator "TA"]
[PlyCount "121"]
[EventDate "2017.??.??"]
[EventType "swiss"]
[EventCountry "GER"]
[SourceTitle "playchess.com"]
[Source "ChessBase"]
[SourceQuality "1"]

{[%evp 10,121,52,31,47,9,47,46,52,34,113,114,114,112,106,92,113,112,113,108,107,120,102,104,97,67,77,29,107,104,138,125,187,124,143,131,218,175,285,246,468,400,696,745,708,726,636,334,285,106,101,101,91,38,45,20,31,20,25,14,13,-8,0,-161,-162,-168,-169,-172,-161,-159,-166,-178,-170,-173,-168,-173,-172,-170,-159,-172,-162,-229,-222,-234,-196,-218,-210,-198,-127,-182,-172,-222,-96,-100,-86,-90,-29,-31,-33,-17,-3,-7,10,29,5,0,143,83,144,0,-1,-3,-8,0]} 1. d4 {[%cal Bd2d4,Bd4d5][%mdl 32]} Nc6 2. d5 Ne5 3. f4 Ng6 4. e4 e5 5. dxe6 fxe6 6. Nf3 {LiveBook: 26 Games. A40: Unusual replies to 1 d4} d5 (6... Bc5 7. Bd3 Nh6 8. Qe2 O-O 9. g3 a6 10. Nc3 b5 11. e5 Bb7 {1-0 (35) Onischuk,A (2684)-Shkuro,I (2546) Alushta 2009}) 7. e5 Bb4+ $146 ({Predecessor:} 7... Nh6 8. Bd3 Nf5 9. Qe2 Be7 10. Nc3 O-O 11. Bd2 Bd7 12. g3 c5 13. O-O-O a6 {0-1 (33) Moran,S (2132)-Quinn,R (2080) Bunratty 2016}) 8. c3 {White is slightly better.} Bc5 9. Bd3 Nh4 (9... Nh6 $14) 10. Ng5 $1 $16 {Hoping for Qh5+.} g6 11. Qg4 Nf5 12. Qh3 Qe7 13. g4 Nfh6 14. Nd2 Bd7 15. Nb3 Bb6 16. Bd2 O-O-O 17. O-O-O Kb8 18. Kb1 Ba4 (18... Nf7 $11 {remains equal.}) 19. Rhf1 c5 {Black wants to play ...c4.} 20. c4 Bc7 (20... Rc8 $16 21. Be1 Bc6) 21. Be3 ({White should play} 21. Nxc5 $18 Bxd1 22. Rxd1 dxc4 23. Bb4) 21... d4 22. Bd2 Bd7 (22... Rc8 $16 23. Rde1 Bd8) 23. Be4 $18 a6 (23... Bb6 $142 24. Ba5 Rf8 25. Bxb6 axb6) 24. Be1 Rf8 $2 (24... Bc8 {keeps fighting.} 25. Bh4 Re8) 25. Bh4 b6 (25... Bb6 $142 26. Bxb7 Bc8) 26. Bg2 Ka7 27. Ne4 ({Weaker is} 27. Qf3 Rb8 $16) 27... Qe8 28. Bg5 Nf7 29. Bf6 $2 (29. Nbxc5 $18 bxc5 30. Nxc5) 29... Nxf6 $16 30. Nxf6 Qc8 31. Nd2 (31. g5 $16) 31... g5 $14 {[%cal Bg6g5,Bg5f4][%mdl 32]} 32. Qf3 ({Reject} 32. Nxd7 Qxd7 33. Qf3 Qc8 $11) 32... Rd8 33. Rde1 Qb8 34. Nxd7 Rxd7 35. Qc6 Re7 36. Nb3 $2 (36. Nf3 $11 {and White stays safe.}) 36... gxf4 $1 $19 37. Nxc5 Nd8 $1 {[%cal Rd8c6]} ({Worse is} 37... Nxe5 38. Rxe5 $1 {[%mdl 512]} Bxe5 39. Nxa6 $1 $16 {[%mdl 512]}) 38. Nxa6 Nxc6 39. Nxb8 Nxb8 40. Rf3 {Threatening Ra3+.} Kb7 $1 41. Rxf4+ Kc8 $1 42. Rxd4 Rf8 43. Re2 Rd7 44. Rde4 Nc6 {Threatens to win with ...Rd1+.} 45. g5 (45. R4e3 $142 Nxe5 46. b3) 45... Rd3 {...Nd4 is the strong threat.} 46. Kc1 Bd8 47. h4 Rg3 48. c5 b5 (48... bxc5 $19 49. Rc4 Nd4 50. Rxc5+ Kb8) 49. a4 {[#]} (49. Kb1 $17) 49... b4 $1 {[%cal Rb4b3]} 50. Kd2 {and the idea R4e3 leaves White hopeful.} b3 (50... Kc7 $19 {and Black stays clearly on top.} 51. a5 Nxa5 52. Rxb4 Be7) 51. R4e3 $17 Ba5+ 52. Kd3 {[#]} Rg4 (52... Rxe3+ $1 $17 53. Kxe3 Kc7) 53. Re4 $11 Rd8+ 54. Kc4 $1 Rg3 {Strongly threatening ...Kd7.} 55. R4e3 $1 $132 {[%cal Re3g3][%mdl 2048] White is not keeping still} Nd4 56. Rxg3 {And now Re4 would win.} Nxe2 57. Rxb3 Rd4+ (57... Rd2 $11) 58. Kb5 $16 Bc7 (58... Be1 $142) 59. Re3 (59. Bf3 $16 Nc1 60. Rb4 Rxb4+ 61. Kxb4) 59... Rd2 $11 {aiming for ...Nd4+.} 60. Be4 Rxb2+ 61. Kc4 {[%mdl 32768] Precision: White = 56%, Black = 47%. . Sensor Board Error (Ke4/e5)?} 1-0

[Event "88th GER-ch Men 2017"]
[Site "Apolda"]
[Date "2017.06.30"]
[Round "8"]
[White "Jahncke, Giso"]
[Black "Zude, Arno"]
[Result "1-0"]
[WhiteElo "2340"]
[BlackElo "2392"]
[Annotator "NA RC"]
[PlyCount "69"]
[EventDate "2017.??.??"]
[EventType "swiss"]
[EventCountry "GER"]
[SourceTitle "playchess.com"]
[Source "ChessBase"]
[SourceQuality "1"]
[TimeControl "40/6000+30:3000+30"]

1. e4 {[%emt 0:00:00]} e5 {[%emt 0:00:09]} 2. Nf3 {[%emt 0:00:00]} Nc6 {[%emt 0:00:07]} 3. Bc4 {[%emt 0:00:00]} Bc5 {[%emt 0:00:07]} 4. c3 {[%emt 0:00:00]} Nf6 {[%emt 0:00:07]} 5. d3 {[%emt 0:00:10]} O-O {[%emt 0:00:10]} 6. O-O {[%emt 0:00:26]} d6 {[%emt 0:00:17] LiveBook: 962 Games} 7. Bg5 {[%emt 0:00:25]} h6 {[%emt 0:01:23]} 8. Bh4 {[%emt 0:01:09]} g5 {[%emt 0:05:38] C54: Giuoco Piano: 4 c3 Nf6, main lines with 5 d4 and 5 d3} (8... a6 9. Bb3 Ba7 10. Nbd2 Be6 11. Re1 Kh7 12. Nf1 g5 13. Bg3 Bxb3 14. Qxb3 Rb8 15. d4 exd4 16. Nxd4 {0-1 (52) Caruana,F (2808)-Anand,V (2786) Stavanger 2017}) 9. Nxg5 {[%emt 0:00:06]} hxg5 {[%emt 0:00:13]} 10. Bxg5 {[%emt 0:00:03]} Kg7 {[%emt 0:00:39]} 11. b4 {[%emt 0:00:22]} Bb6 {[%emt 0:00:32]} 12. Qf3 {[%emt 0:00:06]} Rh8 $146 {[%emt 0:10:05]} ({Predecessor:} 12... Kg6 13. Bh4 Rg8 14. h3 Be6 15. Nd2 Qe7 16. Bd5 {0-1 (36) Hendrickson,N (2200)-Patel,A (2309) Saint Louis 2015}) 13. Nd2 {[%emt 0:01:26]} Nb8 {[%emt 0:09:59]} (13... a5 $5 {[%cal Ra5b4]} 14. b5 Nb8 $11) 14. h4 {[%emt 0:11:01]} Nbd7 {[%emt 0:08:38]} 15. Bb3 {[%emt 0:06:34]} Qg8 {[%emt 0:16:57]} (15... Nf8 $15) 16. Nc4 {[%emt 0:05:59]} Qh7 {[%emt 0:01:49]} 17. a4 {[%emt 0:18:18]} a5 {[%emt 0:03:32]} 18. Nxb6 {[%emt 0:16:02]} ({Much worse is} 18. Nxa5 Bxa5 19. bxa5 Qg6 $17) 18... cxb6 {[%emt 0:00:42]} 19. Qe3 {[%emt 0:00:34]} Nh5 {[%emt 0:17:37]} 20. f4 {[%emt 0:03:41]} f6 {[%emt 0:02:48]} 21. fxe5 {[%emt 0:04:07]} dxe5 {[%emt 0:00:36] [#]} 22. Rf5 $1 {[%emt 0:13:54]} Rf8 {[%emt 0:04:48]} 23. Raf1 {[%emt 0:02:30]} axb4 {[%emt 0:05:32]} 24. cxb4 {[%emt 0:04:42]} b5 {[%emt 0:00:12]} 25. axb5 {[%emt 0:05:49]} Ra3 {[%emt 0:02:10]} 26. Bc4 {[%emt 0:00:06]} Ra4 {[%emt 0:06:57]} 27. g4 {[%emt 0:01:34]} Nf4 {[%emt 0:00:31]} 28. Bxf4 {[%emt 0:00:43]} exf4 {[%emt 0:01:19]} 29. Qxf4 {[%emt 0:00:40]} Rxb4 {[%emt 0:05:12]} 30. e5 {[%emt 0:03:30]} Qg6 {[%emt 0:00:30]} 31. e6 {[%emt 0:02:44]} Nb6 {[%emt 0:02:36]} 32. h5 {[%emt 0:01:25]} Qh6 {[%emt 0:01:24]} 33. g5 {[%emt 0:01:46]} Qxh5 {[%emt 0:00:29]} 34. gxf6+ {[%emt 0:00:39]} Rxf6 {[%emt 0:00:10]} 35. Rg5+ {[%emt 0:00:32]} 1-0